| 000 | 01343cam a2200337 i 4500 | ||
|---|---|---|---|
| 001 | 17568290 | ||
| 003 | OSt | ||
| 005 | 20180116192425.0 | ||
| 008 | 121219s2013 enka b 001 0 eng | ||
| 010 | _a 2012049735 | ||
| 020 | _a9780415508575 (hb : alk. paper) | ||
| 020 | _a9780415508582 (pb : alk. paper) | ||
| 020 | _z9780203770283 (ebook) | ||
| 040 |
_aDLC _beng _cDLC _erda _dDLC |
||
| 042 | _apcc | ||
| 050 | 0 | 0 |
_aNA2542.35 _b.R45 2013 |
| 082 | 0 | 0 |
_a720.108 _223 |
| 245 | 0 | 0 |
_aRelational architectural ecologies : _barchitecture, nature and subjectivity / _cedited by Peg Rawes. |
| 300 |
_axiii, 302 pages : _billustrations ; _c24 cm |
||
| 362 | _a2013 | ||
| 504 | _aIncludes bibliographical references and index. | ||
| 505 | 0 | _aBiopolitical Ecologies and Architectures -- Uncertain, Anxious and Damaged Ecologies -- Economics, Land and Consumption -- Biological and Medical Architectural Ecologies -- Communal Ecologies and Architectures. | |
| 650 | 0 |
_aArchitecture _xEnvironmental aspects. _97929 |
|
| 650 | 0 |
_aArchitecture and society. _97930 |
|
| 650 | 0 |
_aHuman ecology. _97931 |
|
| 700 | 1 |
_aRawes, Peg, _eeditor of compilation. _97932 |
|
| 906 |
_a7 _bcbc _corignew _d1 _eecip _f20 _gy-gencatlg |
||
| 942 |
_2ddc _cBK |
||
| 999 |
_c354043 _d354043 |
||